000
00338pam a2200157a 44500
008
230515b2008 xxu||||| |||| 00| 0 eng d
020
_a
NULL
041
_a
ENGLISH
082
_a
630
100
_a
JURINARKAR S B
245
_a
MECHANICS OF STRUCTURES
250
_a
0
260
_a
BOMBAY
_b
NA
_c
2008
300
_a
981
650
_a
NULL
999
_c
636135
_d
636135